[Event "April 9 Late 2024"]
[Site "Chess.com"]
[Date "2024.04.09"]
[Round "1"]
[White "Taboas Rodriguez, Daniel"]
[Black "Jun, Rudolf"]
[Result "1/2-1/2"]
[Board "112"]
[WhiteFideId "2208466"]
[BlackFideId "376612"]
[WhiteTitle "FM"]
[BlackTitle "FM"]
[WhiteElo "2678"]
[BlackElo "2375"]
[WhiteTeam "ESP"]
[BlackTeam "CZE"]
[WhiteClock "0:00:06"]
[BlackClock "0:00:03"]
[Variant "Standard"]

1. d4 {[%clk 0:03:00]}  Nf6 {[%clk 0:02:59]} 2. Nf3 {[%clk 0:02:59]}  e6 {[%clk 0:02:58]} 3. c4 {[%clk 0:02:59]}  Bb4+ {[%clk 0:02:54]} 4. Nbd2 {[%clk 0:02:59]}  b6 {[%clk 0:02:51]} 5. a3 {[%clk 0:02:58]}  Be7 {[%clk 0:02:50]} 6. e4 {[%clk 0:02:57]}  d6 {[%clk 0:02:49]} 7. Bd3 {[%clk 0:02:56]}  Nc6 {[%clk 0:02:43]} 8. O-O {[%clk 0:02:55]}  e5 {[%clk 0:02:34]} 9. d5 {[%clk 0:02:54]}  Nb8 {[%clk 0:02:30]} 10. b4 {[%clk 0:02:53]}  O-O {[%clk 0:02:29]} 11. Bb2 {[%clk 0:02:52]}  Bg4 {[%clk 0:02:21]} 12. h3 {[%clk 0:02:50]}  Bh5 {[%clk 0:02:22]} 13. Rc1 {[%clk 0:02:45]}  Nbd7 {[%clk 0:02:20]} 14. Qc2 {[%clk 0:02:31]}  a5 {[%clk 0:02:20]} 15. Rfe1 {[%clk 0:02:17]}  Qb8 {[%clk 0:02:06]} 16. Nh2 {[%clk 0:02:11]}  Qb7 {[%clk 0:02:00]} 17. Nhf1 {[%clk 0:02:07]}  Bg6 {[%clk 0:01:58]} 18. Ne3 {[%clk 0:02:02]}  axb4 {[%clk 0:01:58]} 19. axb4 {[%clk 0:02:02]}  Ra2 {[%clk 0:01:58]} 20. Ra1 {[%clk 0:02:01]}  Rfa8 {[%clk 0:01:57]} 21. Rxa2 {[%clk 0:01:49]}  Rxa2 {[%clk 0:01:57]} 22. Ra1 {[%clk 0:01:50]}  Qa8 {[%clk 0:01:47]} 23. Qb1 {[%clk 0:01:47]}  Rxa1 {[%clk 0:01:38]} 24. Qxa1 {[%clk 0:01:48]}  Qxa1+ {[%clk 0:01:35]} 25. Bxa1 {[%clk 0:01:48]}  Nb8 {[%clk 0:01:31]} 26. Kf1 {[%clk 0:01:47]}  c5 {[%clk 0:01:18]} 27. Bc3 {[%clk 0:01:41]}  Na6 {[%clk 0:01:12]} 28. b5 {[%clk 0:01:29]}  Nb8 {[%clk 0:01:12]} 29. Ke2 {[%clk 0:01:27]}  Bh5+ {[%clk 0:01:06]} 30. g4 {[%clk 0:01:25]}  Bg6 {[%clk 0:01:06]} 31. h4 {[%clk 0:01:21]}  h5 {[%clk 0:01:04]} 32. g5 {[%clk 0:01:20]}  Ng4 {[%clk 0:01:02]} 33. Nxg4 {[%clk 0:01:07]}  hxg4 {[%clk 0:01:01]} 34. Nf1 {[%clk 0:01:05]}  f6 {[%clk 0:00:57]} 35. Bd2 {[%clk 0:01:06]}  fxg5 {[%clk 0:00:51]} 36. hxg5 {[%clk 0:01:06]}  Nd7 {[%clk 0:00:46]} 37. Nh2 {[%clk 0:01:04]}  Bh5 {[%clk 0:00:46]} 38. Kf1 {[%clk 0:01:04]}  Kf7 {[%clk 0:00:46]} 39. Be2 {[%clk 0:01:03]}  Kg6 {[%clk 0:00:40]} 40. Nxg4 {[%clk 0:00:42]}  Bxg5 {[%clk 0:00:36]} 41. Bxg5 {[%clk 0:00:38]}  Kxg5 {[%clk 0:00:36]} 42. Ne3 {[%clk 0:00:38]}  Bxe2+ {[%clk 0:00:18]} 43. Kxe2 {[%clk 0:00:39]}  g6 {[%clk 0:00:18]} 44. Kf3 {[%clk 0:00:33]}  Nf6 {[%clk 0:00:18]} 45. Nd1 {[%clk 0:00:30]}  Nd7 {[%clk 0:00:04]} 46. Nc3 {[%clk 0:00:30]}  Kh5 {[%clk 0:00:04]} 47. Na4 {[%clk 0:00:29]}  Kg5 {[%clk 0:00:02]} 48. Kg3 {[%clk 0:00:29]}  Kh5 {[%clk 0:00:02]} 49. Nb2 {[%clk 0:00:23]}  Kg5 {[%clk 0:00:03]} 50. Nd3 {[%clk 0:00:24]}  Kh5 {[%clk 0:00:03]} 51. f4 {[%clk 0:00:24]}  exf4+ {[%clk 0:00:03]} 52. Nxf4+ {[%clk 0:00:18]}  Kg5 {[%clk 0:00:03]} 53. Ne6+ {[%clk 0:00:18]}  Kf6 {[%clk 0:00:04]} 54. Kf4 {[%clk 0:00:19]}  g5+ {[%clk 0:00:04]} 55. Nxg5 {[%clk 0:00:19]}  Ne5 {[%clk 0:00:04]} 56. Nh7+ {[%clk 0:00:16]}  Kg7 {[%clk 0:00:05]} 57. Ng5 {[%clk 0:00:15]}  Kf6 {[%clk 0:00:05]} 58. Ne6 {[%clk 0:00:13]}  Nxc4 {[%clk 0:00:06]} 59. Nf8 {[%clk 0:00:13]}  Ke7 {[%clk 0:00:05]} 60. Ng6+ {[%clk 0:00:13]}  Kf6 {[%clk 0:00:06]} 61. Nf8 {[%clk 0:00:12]}  Ke7 {[%clk 0:00:07]} 62. Ng6+ {[%clk 0:00:13]}  Kf6 {[%clk 0:00:07]} 63. Nh4 {[%clk 0:00:13]}  Na3 {[%clk 0:00:03]} 64. Nf5 {[%clk 0:00:14]}  Nxb5 {[%clk 0:00:03]} 65. Ke3 {[%clk 0:00:14]}  c4 {[%clk 0:00:03]} 66. Ng3 {[%clk 0:00:10]}  Ke5 {[%clk 0:00:03]} 67. Ne2 {[%clk 0:00:07]}  c3 {[%clk 0:00:03]} 68. Ng1 {[%clk 0:00:07]}  c2 {[%clk 0:00:03]} 69. Nf3+ {[%clk 0:00:07]}  Kf6 {[%clk 0:00:03]} 70. Kd2 {[%clk 0:00:07]}  Nc3 {[%clk 0:00:04]} 71. Kxc2 {[%clk 0:00:07]}  Nxe4 {[%clk 0:00:04]} 72. Kd3 {[%clk 0:00:07]}  Ng5 {[%clk 0:00:04]} 73. Nd4 {[%clk 0:00:06]}  Ke5 {[%clk 0:00:05]} 74. Kc4 {[%clk 0:00:06]}  Ne4 {[%clk 0:00:05]} 75. Nb5 {[%clk 0:00:06]}  Nd2+ {[%clk 0:00:04]} 76. Kd3 {[%clk 0:00:06]}  Kxd5 {[%clk 0:00:03]} 77. Kxd2 {[%clk 0:00:06]}  Kc5 {[%clk 0:00:04]} 78. Nc7 {[%clk 0:00:06]}  Kc6 {[%clk 0:00:04]} 79. Ne6 {[%clk 0:00:06]}  Kd5 {[%clk 0:00:04]} 80. Nf4+ {[%clk 0:00:06]}  Ke4 {[%clk 0:00:05]} 81. Ne2 {[%clk 0:00:06]}  d5 {[%clk 0:00:05]} 82. Kc3 {[%clk 0:00:06]}  Ke3 {[%clk 0:00:05]} 83. Nd4 {[%clk 0:00:06]}  Ke4 {[%clk 0:00:06]} 84. Nb5 {[%clk 0:00:07]}  Ke5 {[%clk 0:00:05]} 85. Kb4 {[%clk 0:00:06]}  Ke4 {[%clk 0:00:03]} 86. Nc3+ {[%clk 0:00:05]}  Kd3 {[%clk 0:00:03]} 87. Nxd5 {[%clk 0:00:05]}  Kd4 {[%clk 0:00:03]} 88. Nxb6 {[%clk 0:00:06]} 1/2-1/2

[Event "April 9 Late 2024"]
[Site "Chess.com"]
[Date "2024.04.09"]
[Round "1"]
[White "Jarocka, Liwia"]
[Black "Manukyan, Sargis A."]
[Result "0-1"]
[Board "113"]
[WhiteFideId "21807558"]
[BlackFideId "13303970"]
[WhiteTitle "FM"]
[BlackTitle "FM"]
[WhiteElo "2372"]
[BlackElo "2676"]
[WhiteTeam "POL"]
[BlackTeam "ARM"]
[WhiteClock "0:00:56"]
[BlackClock "0:00:43"]
[Variant "Standard"]

1. e4 {[%clk 0:03:00]}  c5 {[%clk 0:03:00]} 2. Nf3 {[%clk 0:02:59]}  d6 {[%clk 0:03:00]} 3. d4 {[%clk 0:02:58]}  cxd4 {[%clk 0:03:01]} 4. Nxd4 {[%clk 0:02:58]}  Nf6 {[%clk 0:03:02]} 5. Nc3 {[%clk 0:02:59]}  g6 {[%clk 0:03:02]} 6. Be3 {[%clk 0:02:58]}  Bg7 {[%clk 0:03:02]} 7. f3 {[%clk 0:02:59]}  O-O {[%clk 0:03:03]} 8. Qd2 {[%clk 0:02:59]}  Nc6 {[%clk 0:03:03]} 9. Bc4 {[%clk 0:03:00]}  Bd7 {[%clk 0:03:03]} 10. Bb3 {[%clk 0:03:00]}  Rc8 {[%clk 0:03:03]} 11. O-O-O {[%clk 0:03:00]}  Nxd4 {[%clk 0:03:03]} 12. Bxd4 {[%clk 0:03:00]}  b5 {[%clk 0:03:04]} 13. h4 {[%clk 0:03:00]}  a5 {[%clk 0:03:03]} 14. h5 {[%clk 0:03:00]}  a4 {[%clk 0:03:00]} 15. Bxf6 {[%clk 0:02:58]}  exf6 {[%clk 0:03:00]} 16. Qxd6 {[%clk 0:02:12]}  axb3 {[%clk 0:02:56]} 17. Qxd7 {[%clk 0:02:12]}  bxa2 {[%clk 0:02:15]} 18. Nxa2 {[%clk 0:02:04]}  Qa5 {[%clk 0:02:14]} 19. Kb1 {[%clk 0:01:59]}  Ra8 {[%clk 0:01:08]} 20. Qd5 {[%clk 0:01:57]}  Ra7 {[%clk 0:01:07]} 21. Rd3 {[%clk 0:01:48]}  Qb6 {[%clk 0:00:54]} 22. c3 {[%clk 0:01:36]}  Rfa8 {[%clk 0:00:50]} 23. Nc1 {[%clk 0:01:27]}  b4 {[%clk 0:00:47]} 24. Qd4 {[%clk 0:00:56]}  b3 {[%clk 0:00:43]} 0-1

[Event "April 9 Late 2024"]
[Site "Chess.com"]
[Date "2024.04.09"]
[Round "1"]
[White "Halynyazow, Vepaly"]
[Black "Cremisi, Daniel"]
[Result "0-1"]
[Board "115"]
[WhiteFideId "14004020"]
[BlackFideId "2089882"]
[WhiteElo "2371"]
[BlackElo "2674"]
[WhiteTeam "TKM"]
[BlackTeam "USA"]
[WhiteClock "0:00:01"]
[BlackClock "0:00:55"]
[Variant "Standard"]

1. d4 {[%clk 0:02:59]}  Nf6 {[%clk 0:02:58]} 2. Nf3 {[%clk 0:02:59]}  c5 {[%clk 0:02:59]} 3. d5 {[%clk 0:02:59]}  g6 {[%clk 0:02:59]} 4. c4 {[%clk 0:02:59]}  d6 {[%clk 0:02:59]} 5. Nc3 {[%clk 0:02:58]}  Bg7 {[%clk 0:02:59]} 6. e4 {[%clk 0:02:58]}  O-O {[%clk 0:03:00]} 7. Bd3 {[%clk 0:02:56]}  Re8 {[%clk 0:02:59]} 8. O-O {[%clk 0:02:56]}  e6 {[%clk 0:02:59]} 9. h3 {[%clk 0:02:46]}  exd5 {[%clk 0:02:58]} 10. cxd5 {[%clk 0:02:47]}  a6 {[%clk 0:02:57]} 11. a4 {[%clk 0:02:47]}  Nbd7 {[%clk 0:02:55]} 12. Bf4 {[%clk 0:02:46]}  Qe7 {[%clk 0:02:55]} 13. Re1 {[%clk 0:02:42]}  Nh5 {[%clk 0:02:55]} 14. Bh2 {[%clk 0:02:41]}  Ne5 {[%clk 0:02:55]} 15. g4 {[%clk 0:02:27]}  Nxf3+ {[%clk 0:02:49]} 16. Qxf3 {[%clk 0:02:28]}  Nf6 {[%clk 0:02:48]} 17. Qg3 {[%clk 0:02:19]}  Rd8 {[%clk 0:02:46]} 18. e5 {[%clk 0:02:08]}  dxe5 {[%clk 0:02:46]} 19. Rxe5 {[%clk 0:02:08]}  Qf8 {[%clk 0:02:45]} 20. Rae1 {[%clk 0:02:02]}  Bd7 {[%clk 0:02:44]} 21. Re7 {[%clk 0:01:59]}  Re8 {[%clk 0:02:37]} 22. d6 {[%clk 0:01:57]}  Bc6 {[%clk 0:02:34]} 23. Bc4 {[%clk 0:01:53]}  Kh8 {[%clk 0:02:26]} 24. Bxf7 {[%clk 0:01:50]}  Qxf7 {[%clk 0:02:22]} 25. Qe5 {[%clk 0:01:32]}  Qf8 {[%clk 0:02:18]} 26. Qxc5 {[%clk 0:01:29]}  Nd7 {[%clk 0:02:15]} 27. Qe3 {[%clk 0:01:19]}  Red8 {[%clk 0:02:13]} 28. Bf4 {[%clk 0:01:12]}  Rac8 {[%clk 0:02:09]} 29. Bg5 {[%clk 0:01:06]}  Ne5 {[%clk 0:02:09]} 30. Rxe5 {[%clk 0:01:03]}  Bxe5 {[%clk 0:02:06]} 31. Qxe5+ {[%clk 0:01:02]}  Kg8 {[%clk 0:02:06]} 32. Qe6+ {[%clk 0:01:00]}  Qf7 {[%clk 0:01:58]} 33. Bxd8 {[%clk 0:00:53]}  Qxe6 {[%clk 0:01:54]} 34. Rxe6 {[%clk 0:00:52]}  Rxd8 {[%clk 0:01:54]} 35. f4 {[%clk 0:00:50]}  Rf8 {[%clk 0:01:52]} 36. Ne2 {[%clk 0:00:47]}  Bxa4 {[%clk 0:01:51]} 37. Kf2 {[%clk 0:00:46]}  Bb5 {[%clk 0:01:48]} 38. Kf3 {[%clk 0:00:45]}  Rd8 {[%clk 0:01:46]} 39. Nc3 {[%clk 0:00:42]}  Bc4 {[%clk 0:01:43]} 40. Re4 {[%clk 0:00:33]}  b5 {[%clk 0:01:42]} 41. Rd4 {[%clk 0:00:33]}  Kf7 {[%clk 0:01:41]} 42. f5 {[%clk 0:00:33]}  gxf5 {[%clk 0:01:41]} 43. gxf5 {[%clk 0:00:34]}  Rg8 {[%clk 0:01:30]} 44. d7 {[%clk 0:00:30]}  Ke7 {[%clk 0:01:30]} 45. f6+ {[%clk 0:00:25]}  Kd8 {[%clk 0:01:28]} 46. Kf4 {[%clk 0:00:24]}  Be6 {[%clk 0:01:25]} 47. Ne4 {[%clk 0:00:20]}  Bxh3 {[%clk 0:01:19]} 48. f7 {[%clk 0:00:19]}  Rf8 {[%clk 0:01:16]} 49. Ng5 {[%clk 0:00:19]}  Ke7 {[%clk 0:01:11]} 50. Ke5 {[%clk 0:00:16]}  Bxd7 {[%clk 0:01:09]} 51. Rxd7+ {[%clk 0:00:06]}  Kxd7 {[%clk 0:01:08]} 52. Kf6 {[%clk 0:00:07]}  h5 {[%clk 0:01:06]} 53. Nh7 {[%clk 0:00:04]}  Rxf7+ {[%clk 0:01:04]} 54. Kxf7 {[%clk 0:00:05]}  h4 {[%clk 0:01:04]} 55. Ng5 {[%clk 0:00:05]}  a5 {[%clk 0:00:58]} 56. Kf6 {[%clk 0:00:06]}  Kd6 {[%clk 0:00:55]} 57. Kf5 {[%clk 0:00:06]}  Kd5 {[%clk 0:00:56]} 58. Kg4 {[%clk 0:00:07]}  Kc4 {[%clk 0:00:54]} 59. Kxh4 {[%clk 0:00:08]}  Kb3 {[%clk 0:00:54]} 60. Kg3 {[%clk 0:00:08]}  Kxb2 {[%clk 0:00:55]} 61. Kf2 {[%clk 0:00:09]}  a4 {[%clk 0:00:55]} 62. Ne4 {[%clk 0:00:10]}  a3 {[%clk 0:00:56]} 63. Nd2 {[%clk 0:00:01]}  a2 {[%clk 0:00:55]} 0-1

[Event "April 9 Late 2024"]
[Site "Chess.com"]
[Date "2024.04.09"]
[Round "1"]
[White "Varming, Thomas"]
[Black "Duong, Minh Duong"]
[Result "1-0"]
[Board "116"]
[WhiteFideId "1418254"]
[BlackFideId "12404969"]
[WhiteElo "2669"]
[BlackElo "2369"]
[WhiteTeam "DEN"]
[BlackTeam "VIE"]
[WhiteClock "0:01:54"]
[BlackClock "0:00:12"]
[Variant "Standard"]

1. e4 {[%clk 0:03:00]}  c5 {[%clk 0:02:57]} 2. Nf3 {[%clk 0:03:00]}  d6 {[%clk 0:02:57]} 3. d4 {[%clk 0:03:00]}  cxd4 {[%clk 0:02:58]} 4. Qxd4 {[%clk 0:03:00]}  Nc6 {[%clk 0:02:56]} 5. Bb5 {[%clk 0:02:59]}  Bd7 {[%clk 0:02:55]} 6. Qe3 {[%clk 0:02:59]}  Nf6 {[%clk 0:02:53]} 7. c4 {[%clk 0:02:57]}  g6 {[%clk 0:02:53]} 8. Nc3 {[%clk 0:02:56]}  Bg7 {[%clk 0:02:53]} 9. O-O {[%clk 0:02:49]}  O-O {[%clk 0:02:53]} 10. Rd1 {[%clk 0:02:49]}  Ng4 {[%clk 0:02:36]} 11. Qe2 {[%clk 0:02:47]}  Nge5 {[%clk 0:02:25]} 12. Nxe5 {[%clk 0:02:46]}  Nxe5 {[%clk 0:02:24]} 13. Bg5 {[%clk 0:02:39]}  h6 {[%clk 0:02:10]} 14. Bh4 {[%clk 0:02:38]}  g5 {[%clk 0:01:44]} 15. Bg3 {[%clk 0:02:37]}  Bxb5 {[%clk 0:01:44]} 16. Nxb5 {[%clk 0:02:35]}  a6 {[%clk 0:01:44]} 17. Nd4 {[%clk 0:02:35]}  e6 {[%clk 0:01:38]} 18. c5 {[%clk 0:02:32]}  d5 {[%clk 0:00:54]} 19. exd5 {[%clk 0:02:29]}  Qxd5 {[%clk 0:00:52]} 20. Nf5 {[%clk 0:02:24]}  Nf3+ {[%clk 0:00:50]} 21. Qxf3 {[%clk 0:02:20]}  Qxf5 {[%clk 0:00:50]} 22. Qxb7 {[%clk 0:02:17]}  Rfc8 {[%clk 0:00:29]} 23. c6 {[%clk 0:02:13]}  Qc5 {[%clk 0:00:25]} 24. Rac1 {[%clk 0:02:07]}  Qa5 {[%clk 0:00:21]} 25. c7 {[%clk 0:02:05]}  Qxa2 {[%clk 0:00:17]} 26. Qxa8 {[%clk 0:01:55]}  Rxa8 {[%clk 0:00:17]} 27. Rd8+ {[%clk 0:01:54]}  Kh7 {[%clk 0:00:17]} 28. Rxa8 {[%clk 0:01:54]}  Qxb2 {[%clk 0:00:12]} 29. c8=Q {[%clk 0:01:54]} 1-0

[Event "April 9 Late 2024"]
[Site "Chess.com"]
[Date "2024.04.09"]
[Round "1"]
[White "Haszon, David"]
[Black "Dubnevych, Maksym"]
[Result "0-1"]
[Board "119"]
[WhiteFideId "733610"]
[BlackFideId "14184001"]
[WhiteTitle "FM"]
[BlackTitle "FM"]
[WhiteElo "2358"]
[BlackElo "2665"]
[WhiteTeam "HUN"]
[BlackTeam "UKR"]
[WhiteClock "0:00:00"]
[BlackClock "0:00:06"]
[Variant "Standard"]

1. e4 {[%clk 0:03:00]}  d5 {[%clk 0:03:00]} 2. exd5 {[%clk 0:02:59]}  Qxd5 {[%clk 0:03:00]} 3. Nc3 {[%clk 0:03:00]}  Qa5 {[%clk 0:03:01]} 4. d4 {[%clk 0:02:56]}  Nf6 {[%clk 0:03:01]} 5. Nf3 {[%clk 0:02:56]}  Bf5 {[%clk 0:03:01]} 6. Bc4 {[%clk 0:02:54]}  e6 {[%clk 0:02:56]} 7. O-O {[%clk 0:02:52]}  Nbd7 {[%clk 0:02:55]} 8. Re1 {[%clk 0:02:47]}  c6 {[%clk 0:02:54]} 9. Bf4 {[%clk 0:02:41]}  Be7 {[%clk 0:02:48]} 10. a3 {[%clk 0:02:22]}  O-O {[%clk 0:02:47]} 11. h3 {[%clk 0:02:19]}  Nd5 {[%clk 0:02:42]} 12. Nxd5 {[%clk 0:02:15]}  cxd5 {[%clk 0:02:43]} 13. Bd3 {[%clk 0:02:06]}  Bxd3 {[%clk 0:02:43]} 14. Qxd3 {[%clk 0:02:07]}  Rac8 {[%clk 0:02:44]} 15. c3 {[%clk 0:02:06]}  Qb6 {[%clk 0:02:41]} 16. Re2 {[%clk 0:02:03]}  Nf6 {[%clk 0:02:38]} 17. Ne5 {[%clk 0:01:57]}  Bd6 {[%clk 0:02:32]} 18. Rae1 {[%clk 0:01:50]}  Bxe5 {[%clk 0:02:32]} 19. Bxe5 {[%clk 0:01:49]}  Nd7 {[%clk 0:02:32]} 20. Bf4 {[%clk 0:01:36]}  Qc6 {[%clk 0:02:32]} 21. Qg3 {[%clk 0:01:36]}  Kh8 {[%clk 0:02:25]} 22. Bd6 {[%clk 0:01:30]}  Rfe8 {[%clk 0:02:22]} 23. Be5 {[%clk 0:01:31]}  f6 {[%clk 0:02:21]} 24. Bf4 {[%clk 0:01:29]}  Nf8 {[%clk 0:02:21]} 25. h4 {[%clk 0:01:23]}  a5 {[%clk 0:02:17]} 26. Bd6 {[%clk 0:01:13]}  Qb6 {[%clk 0:01:55]} 27. h5 {[%clk 0:00:59]}  Rc6 {[%clk 0:01:46]} 28. Bxf8 {[%clk 0:00:57]}  Rxf8 {[%clk 0:01:47]} 29. h6 {[%clk 0:00:57]}  g6 {[%clk 0:01:42]} 30. Qg4 {[%clk 0:00:57]}  Re8 {[%clk 0:01:41]} 31. Qf4 {[%clk 0:00:52]}  Qd8 {[%clk 0:01:41]} 32. g3 {[%clk 0:00:48]}  Kg8 {[%clk 0:01:41]} 33. Re3 {[%clk 0:00:46]}  Kf7 {[%clk 0:01:41]} 34. g4 {[%clk 0:00:42]}  g5 {[%clk 0:01:40]} 35. Qh2 {[%clk 0:00:42]}  Qd7 {[%clk 0:01:34]} 36. f4 {[%clk 0:00:37]}  gxf4 {[%clk 0:01:32]} 37. Qxf4 {[%clk 0:00:38]}  Rg8 {[%clk 0:01:32]} 38. Rf1 {[%clk 0:00:36]}  Rg6 {[%clk 0:01:30]} 39. Rg3 {[%clk 0:00:34]}  b5 {[%clk 0:01:29]} 40. g5 {[%clk 0:00:33]}  Qc7 {[%clk 0:01:19]} 41. Qf3 {[%clk 0:00:27]}  Ke8 {[%clk 0:01:13]} 42. Kg2 {[%clk 0:00:25]}  f5 {[%clk 0:01:10]} 43. Re1 {[%clk 0:00:25]}  b4 {[%clk 0:01:09]} 44. Qxf5 {[%clk 0:00:24]}  bxc3 {[%clk 0:01:00]} 45. bxc3 {[%clk 0:00:24]}  Qe7 {[%clk 0:00:57]} 46. Qe5 {[%clk 0:00:24]}  Kd7 {[%clk 0:00:54]} 47. Rb1 {[%clk 0:00:22]}  Rc7 {[%clk 0:00:53]} 48. Rf1 {[%clk 0:00:18]}  Kc8 {[%clk 0:00:50]} 49. Rf6 {[%clk 0:00:18]}  Qe8 {[%clk 0:00:42]} 50. Qf4 {[%clk 0:00:16]}  Kb7 {[%clk 0:00:39]} 51. Rf8 {[%clk 0:00:14]}  Qb5 {[%clk 0:00:39]} 52. Rf7 {[%clk 0:00:12]}  Qe2+ {[%clk 0:00:37]} 53. Qf2 {[%clk 0:00:10]}  Qe4+ {[%clk 0:00:34]} 54. Rff3 {[%clk 0:00:10]}  Rf7 {[%clk 0:00:31]} 55. Qe3 {[%clk 0:00:09]}  Qc2+ {[%clk 0:00:28]} 56. Rf2 {[%clk 0:00:10]}  Rxf2+ {[%clk 0:00:23]} 57. Qxf2 {[%clk 0:00:11]}  Qe4+ {[%clk 0:00:24]} 58. Qf3 {[%clk 0:00:11]}  Qc2+ {[%clk 0:00:24]} 59. Qf2 {[%clk 0:00:11]}  Qc1 {[%clk 0:00:18]} 60. Qf7+ {[%clk 0:00:10]}  Kc6 {[%clk 0:00:19]} 61. Qxh7 {[%clk 0:00:09]}  Rxg5 {[%clk 0:00:19]} 62. Rxg5 {[%clk 0:00:07]}  Qxg5+ {[%clk 0:00:20]} 63. Kf2 {[%clk 0:00:07]}  Qf4+ {[%clk 0:00:20]} 64. Ke2 {[%clk 0:00:07]}  Qh2+ {[%clk 0:00:20]} 65. Kd3 {[%clk 0:00:07]}  Qh3+ {[%clk 0:00:18]} 66. Kc2 {[%clk 0:00:07]}  Qg2+ {[%clk 0:00:18]} 67. Kb3 {[%clk 0:00:06]}  Qf1 {[%clk 0:00:16]} 68. Qg6 {[%clk 0:00:04]}  Qd1+ {[%clk 0:00:16]} 69. Qc2 {[%clk 0:00:04]}  a4+ {[%clk 0:00:16]} 70. Kb2 {[%clk 0:00:05]}  Qh5 {[%clk 0:00:17]} 71. h7 {[%clk 0:00:06]}  Kb5 {[%clk 0:00:16]} 72. Qd3+ {[%clk 0:00:06]}  Ka5 {[%clk 0:00:16]} 73. Qc2 {[%clk 0:00:07]}  Qh3 {[%clk 0:00:15]} 74. Ka2 {[%clk 0:00:07]}  Qh4 {[%clk 0:00:15]} 75. Qb2 {[%clk 0:00:07]}  Qxh7 {[%clk 0:00:14]} 76. Qb4+ {[%clk 0:00:08]}  Ka6 {[%clk 0:00:15]} 77. Qxa4+ {[%clk 0:00:09]}  Kb6 {[%clk 0:00:16]} 78. Qb4+ {[%clk 0:00:10]}  Kc6 {[%clk 0:00:17]} 79. Qb2 {[%clk 0:00:11]}  Qh3 {[%clk 0:00:17]} 80. Kb3 {[%clk 0:00:12]}  Qd3 {[%clk 0:00:17]} 81. a4 {[%clk 0:00:12]}  Qd1+ {[%clk 0:00:16]} 82. Ka2 {[%clk 0:00:12]}  Qxa4+ {[%clk 0:00:16]} 83. Qa3 {[%clk 0:00:12]}  Qc2+ {[%clk 0:00:16]} 84. Qb2 {[%clk 0:00:12]}  Qa4+ {[%clk 0:00:15]} 85. Qa3 {[%clk 0:00:12]}  Qb5 {[%clk 0:00:15]} 86. Qb3 {[%clk 0:00:11]}  Qa6+ {[%clk 0:00:15]} 87. Kb2 {[%clk 0:00:11]}  Kd7 {[%clk 0:00:14]} 88. Qb4 {[%clk 0:00:11]}  Qe2+ {[%clk 0:00:13]} 89. Kb3 {[%clk 0:00:11]}  Qd1+ {[%clk 0:00:13]} 90. Ka3 {[%clk 0:00:11]}  Qa1+ {[%clk 0:00:14]} 91. Kb3 {[%clk 0:00:12]}  Qa6 {[%clk 0:00:13]} 92. Qc5 {[%clk 0:00:11]}  Ke8 {[%clk 0:00:12]} 93. Kb4 {[%clk 0:00:11]}  Kf7 {[%clk 0:00:12]} 94. Qb5 {[%clk 0:00:11]}  Qd6+ {[%clk 0:00:12]} 95. Qc5 {[%clk 0:00:11]}  Qb8+ {[%clk 0:00:12]} 96. Qb5 {[%clk 0:00:11]}  Qd6+ {[%clk 0:00:13]} 97. Qc5 {[%clk 0:00:11]}  Qh2 {[%clk 0:00:13]} 98. Kb5 {[%clk 0:00:10]}  Qb2+ {[%clk 0:00:13]} 99. Kc6 {[%clk 0:00:10]}  Qb8 {[%clk 0:00:11]} 100. Kd7 {[%clk 0:00:09]}  Qe8+ {[%clk 0:00:11]} 101. Kd6 {[%clk 0:00:09]}  Kf6 {[%clk 0:00:10]} 102. Qc7 {[%clk 0:00:08]}  Qf8+ {[%clk 0:00:07]} 103. Kc6 {[%clk 0:00:08]}  Qe8+ {[%clk 0:00:07]} 104. Qd7 {[%clk 0:00:08]}  Qa8+ {[%clk 0:00:07]} 105. Qb7 {[%clk 0:00:07]}  Qa4+ {[%clk 0:00:07]} 106. Qb5 {[%clk 0:00:07]}  Qc2 {[%clk 0:00:07]} 107. Qc5 {[%clk 0:00:07]}  Kf5 {[%clk 0:00:06]} 108. Kd6 {[%clk 0:00:07]}  Qh2+ {[%clk 0:00:06]} 109. Kd7 {[%clk 0:00:07]}  Qh8 {[%clk 0:00:07]} 110. Kc6 {[%clk 0:00:07]}  Qc8+ {[%clk 0:00:07]} 111. Kd6 {[%clk 0:00:07]}  Qd8+ {[%clk 0:00:06]} 112. Kc6 {[%clk 0:00:07]}  Ke4 {[%clk 0:00:07]} 113. Qd6 {[%clk 0:00:06]}  Qc8+ {[%clk 0:00:07]} 114. Kb5 {[%clk 0:00:03]}  Kd3 {[%clk 0:00:06]} 115. Qg3+ {[%clk 0:00:01]}  Kc2 {[%clk 0:00:06]} 116. Kb4 {[%clk 0:00:02]}  Qc4+ {[%clk 0:00:05]} 117. Ka5 {[%clk 0:00:00]}  Qxc3+ {[%clk 0:00:06]} 0-1

[Event "April 9 Late 2024"]
[Site "Chess.com"]
[Date "2024.04.09"]
[Round "1"]
[White "Kujawski, Adam"]
[Black "Aldokhin, Ivan"]
[Result "0-1"]
[Board "121"]
[WhiteFideId "1100920"]
[BlackFideId "24115720"]
[WhiteTitle "FM"]
[BlackTitle "IM"]
[WhiteElo "2351"]
[BlackElo "2661"]
[WhiteTeam "POL"]
[BlackTeam "RUS"]
[WhiteClock "0:00:05"]
[BlackClock "0:00:53"]
[Variant "Standard"]

1. e4 {[%clk 0:02:59]}  c5 {[%clk 0:02:07]} 2. Nf3 {[%clk 0:02:40]}  e6 {[%clk 0:02:07]} 3. c3 {[%clk 0:02:38]}  Nf6 {[%clk 0:02:07]} 4. e5 {[%clk 0:02:37]}  Nd5 {[%clk 0:02:08]} 5. d4 {[%clk 0:02:37]}  cxd4 {[%clk 0:02:07]} 6. cxd4 {[%clk 0:02:37]}  b6 {[%clk 0:02:06]} 7. Nc3 {[%clk 0:02:36]}  Nxc3 {[%clk 0:02:05]} 8. bxc3 {[%clk 0:02:36]}  Qc7 {[%clk 0:02:06]} 9. Bd2 {[%clk 0:02:35]}  Bb7 {[%clk 0:02:07]} 10. Bd3 {[%clk 0:02:34]}  d6 {[%clk 0:02:07]} 11. O-O {[%clk 0:02:34]}  Nd7 {[%clk 0:02:07]} 12. Qe2 {[%clk 0:02:13]}  dxe5 {[%clk 0:02:00]} 13. Nxe5 {[%clk 0:02:10]}  Nxe5 {[%clk 0:01:59]} 14. dxe5 {[%clk 0:02:10]}  Bc5 {[%clk 0:01:44]} 15. Rfe1 {[%clk 0:01:56]}  O-O-O {[%clk 0:01:31]} 16. Ba6 {[%clk 0:01:35]}  Bxa6 {[%clk 0:01:21]} 17. Qxa6+ {[%clk 0:01:35]}  Qb7 {[%clk 0:01:22]} 18. Qe2 {[%clk 0:01:32]}  Rd5 {[%clk 0:01:16]} 19. Bf4 {[%clk 0:01:29]}  Rhd8 {[%clk 0:01:15]} 20. a4 {[%clk 0:01:25]}  a5 {[%clk 0:01:10]} 21. Qg4 {[%clk 0:01:16]}  g6 {[%clk 0:01:06]} 22. Rab1 {[%clk 0:00:51]}  Rd3 {[%clk 0:01:05]} 23. Be3 {[%clk 0:00:14]}  Bxe3 {[%clk 0:00:59]} 24. Rxe3 {[%clk 0:00:15]}  Rxe3 {[%clk 0:00:58]} 25. fxe3 {[%clk 0:00:15]}  Rd2 {[%clk 0:00:56]} 26. h3 {[%clk 0:00:06]}  Kc7 {[%clk 0:00:55]} 27. Kh2 {[%clk 0:00:06]}  Qd5 {[%clk 0:00:54]} 28. Qf4 {[%clk 0:00:05]}  Qxg2# {[%clk 0:00:53]} 0-1